1653 1877 1535 1188 1942 1506 1677 1947 1693 1807 1125 1065 1724 1650 1670 1927 1411 1605 1563 1534 1765 1996 1720 1804 1945 1844 1200 1030 1263 1258 1654 1256 1988 1011 1655 1054 1586 1862 1992 1719 1277 1006 1471 1402 1718 1668 1846 1437 1787 1384 1995 1861 1488 1887 1389 1416 1167 1144 1459 1374 1207 1549 1967 1888 1436 1194 1711 1011 1777 1679 1504 1832 1517 1310 1522 1154 1727 1783 1690 1446 1943 1557 1695 1852 1467 1638 1625 1642 1446 1118 1637 1698 1977 1056 1151 1793 1143 1747 1919 BCNSPRNW ULIB Ver.6.0+V

เปลี่ยนเป็นภาษาไทย

Change to English
 แสดงรายละเอียดบรรณานุกรม
  กลับหน้าหลัก

Brief Record : Get Marc (ISO 2709) : E-mail record : QR code < ปิดหน้าต่าง
LEADER : 00000nam 2200000uu 4500
001    13399127162
003     ULIB
008    191018s2561||||th 000 0 tha d
020 ^- ^a9786160622580
050 ^- ^aนว.^bร442บ
100 ^- ^aราตรีนิมิต.
245 10 ^aบุพเพรักร้อยลิขิต /^cราตรีนิมิต.
250 ^- ^aพิมพ์ครั้งที่ 1.
260 ^- ^aกรุงเทพฯ :^bแจ่มใส พับลิชชิ่ง,^c2561
300 ^- ^a450 หน้า.
945    ^p319^l0^i006348
999    ^aประนอม เกษจรัล
รายการนี้ยังไม่มีแท็ก
คุณยังไม่ได้ล็อกอิน คุณสามารถมีกิจกรรมร่วมกับเว็บไซต์ได้ แต่ต้องล็อกอินก่อน ::
  ล็อกอิน

รายการสื่อสารสนเทศ

ลำดับที่ ประเภท เลขเรียก/บาร์โค้ด สถานที่ สถานะ
1. นวนิยาย
นวนิยาย
นว. ร442บ ฉ.1 
  Barcode: 006348
ห้องสมุดวิทยาเขตนครสวรรค์
►นวนิยาย:l:Fiction
บนชั้น

รายการใกล้เคียง
    ผู้แต่ง [ราตรีนิมิต.]

BibComment


ยังไม่เคยถูกคอมเมนท์

คอมเมนท์ทรัพยากรรายการนี้
  คอมเมนท์: บุพเพรักร้อยลิขิ..


 Copyright 2026. Bcnsprnw @Library